000 01387nam0a22002771 4500
001 rc\3568134
005 20260407150424.0
021 _aRU
_b[76-78403]
035 _a(NLR Aleph) 007799588
090 _a7678656
_c7678656
100 _a20130115d1976 |||y0rusy50 ca
101 0 _arus
102 _aRU
105 _ay z |||||
200 1 _aО потребности в научно-технической информации специалистов сельскохозяйственных предприятий Эстонской ССР
_f[Э. Эхатамм]
_gЭст. науч.-исслед. ин-т Науч.-техн. информации и техн.-экон. исследований
210 _aТаллин
_cЭстНИИНТИ
_d1976
215 _a35 с.
_d20
606 _aСельское хозяйство
_xТехническая информация
_yЭССР
_2psbo
606 _aИнформационные потребности
_xИзучение
_2psbo
700 1 _aЭхатамм
_bЭ.А.
_gЭндель Альфредович
712 0 2 _aЭстонский НИИ научно-технической информации и технико-экономических исследований
_cТаллин
_3RU\NLR\AUTH\8810024869
_9547968
801 0 _aRU
_bNLR
_gpsbo
801 1 _aRU
_bELAR
_2rusmarc
852 _aNLR
_j77-4/4876
942 _cBOOK
980 _aNB